[Event "Coimbra Queima das Fitas op"]
[Site "Coimbra"]
[Date "2016.04.24"]
[Round "5"]
[White "Oliveira, Maria Elisa Ramos"]
[Black "Sousa, Gil Oliva Teles"]
[Result "1-0"]
[WhiteElo "1065"]
[BlackElo "1256"]
[PlyCount "155"]
[EventDate "2016.04.22"]
[EventType "swiss"]
[EventRounds "7"]
[EventCountry "POR"]
[SourceTitle "EXT 2018"]
[Source "ChessBase"]
[SourceDate "2017.10.13"]
[SourceVersion "1"]
[SourceVersionDate "2017.10.13"]
[SourceQuality "1"]

1. e4 e5 2. Nf3 Nc6 3. Bc4 Bc5 4. 0-0 d6 5. d3 Nf6 6. c3 Bg4 7. Nbd2 0-0 8. Re1 d5 9. exd5 Nxd5 10. h3 Bxf3 11. Qxf3 Nb6 12. Bb3 Qd7 13. Ne4 Be7 14. Qg3 Rfd8 15. Bh6 g6 16. Qf3 Qf5 17. Qg3 Rd7 18. Rad1 Rad8 19. Rf1 Na5 20. Bc2 Qh5 21. Be3 Bh4 22. Qh2 Nd5 23. b4 Nxe3 24. fxe3 Nc6 25. d4 exd4 26. exd4 Qd5 27. Qf4 Be7 28. Bb3 Qf5 29. Qxf5 gxf5 30. Rxf5 Bh4 31. Rf4 Be7 32. Bxf7+ Kh8 33. Be6 Bd6 34. Nxd6 Rxd6 35. d5 Ne7 36. Rf7 Nxd5 37. Bxd5 Rxd5 38. Rxd5 Rxd5 39. Rxc7 Rb5 40. a3 Rb6 41. a4 a6 42. a5 Rb5 43. Rc5 Rxc5 44. bxc5 Kg7 45. Kf2 Kf6 46. Ke3 Ke5 47. g4 Kd5 48. Kf4 Kxc5 49. h4 b5 50. g5 Kd6 51. Kf5 Ke7 52. h5 Kf7 53. g6+ hxg6+ 54. hxg6+ Kg7 55. Ke5 Kxg6 56. Kd6 Kf6 57. Kc6 Ke5 58. Kb6 Kd5 59. Kxa6 Kc6 60. Ka7 Kc7 61. a6 Kc6 62. Kb8 Kb6 63. a7 Kc5 64. a8Q Kc4 65. Qc6+ Kd3 66. Qxb5+ Kxc3 67. Qd5 Kc2 68. Qd4 Kb3 69. Qc5 Ka4 70. Qb6 Ka3 71. Qb5 Ka2 72. Qb4 Ka1 73. Kb7 Ka2 74. Kb6 Ka1 75. Kb5 Ka2 76. Kc4 Ka1 77. Kc3 Ka2 78. Qb2# 1-0

[Event "POR-ch (Women)"]
[Site "Porto"]
[Date "2016.03.20"]
[Round "1"]
[White "Oliveira, Maria Elisa Ramos"]
[Black "Oliveira, Maria Alice Ramos"]
[Result "0-1"]
[WhiteElo "1065"]
[BlackElo "1771"]
[PlyCount "92"]
[EventDate "2016.03.20"]
[EventType "swiss"]
[EventRounds "6"]
[EventCountry "POR"]
[SourceTitle "CBM 171 Extra"]
[Source "ChessBase"]
[SourceDate "2016.04.26"]
[SourceVersion "1"]
[SourceVersionDate "2016.04.26"]
[SourceQuality "1"]

1. e4 e5 2. Nf3 Nc6 3. Bc4 Bc5 4. 0-0 Nf6 5. d3 d6 6. c3 a6 7. Bb3 Ba7 8. Nbd2 0-0 9. h3 Ne7 10. Re1 Ng6 11. Nf1 h6 12. Ng3 Be6 13. Be3 Qd7 14. Qd2 Bxb3 15. axb3 Rfe8 16. Bxa7 Rxa7 17. d4 Raa8 18. dxe5 dxe5 19. Qxd7 Nxd7 20. Rad1 Rad8 21. Nf5 Nc5 22. Rxd8 Rxd8 23. b4 Ne6 24. N3h4 Rd2 25. Nxg6 fxg6 26. Ne7+ Kf7 27. Nd5 Rxb2 28. Rf1 c6 29. Ne3 Rb3 30. Rc1 Nf4 31. Kh2 Ke6 32. g3 Ne2 33. Rc2 Nxc3 34. Ng4 h5 35. Ne3 Nxe4 36. f3 Rxe3 37. fxe4 Rxe4 38. Kg2 Rxb4 39. Kf3 a5 40. Ra2 a4 41. Ke2 b5 42. Kd3 Rb3+ 43. Kc2 Rxg3 44. h4 Rg2+ 45. Kb1 Rxa2 46. Kxa2 e4 0-1